000
00477nam a2200133Ia 4500
008
100328s9999 xx 000 0 und d
082
_b
71332
100
_a
वर्टीकर अर्चना.
245
_a
जळात सोडलेले दिवे
260
_b
मेहता पब्लिशिंग हाऊस.
630
_a
जळात सोडलेले दिवे
730
_a
जळात सोडलेले दिवे
942
_c
BOOK
999
_c
557056
_d
557053